Sports Quiz

Random Sports or Basketball Quiz

Raptors First Round Picks Quiz Stats

Quiz not verified by Sporcle

Challenge
Share
Tweet
Embed
Score 0/17 Timer 06:00
0 Plays Today
Year/Pick Name % Correct
2006/1st OverallAndrea Bargnani
86.5%
2003/4th OverallChris Bosh
83.3%
1997/9th OverallTracy McGrady
78.6%
2009/9th OverallDeMar DeRozan
78.6%
1995/7th OverallDamon Stoudamire
77.8%
1998/4th Overall (Traded to Golden State)Antawn Jamison
69.8%
1996/2nd OverallMarcus Camby
67.5%
2010/13th OverallEd Davis
64.3%
2000/21st OverallMorris Peterson
58.7%
Year/Pick Name % Correct
2008/17th Overall (Traded to Indiana)Roy Hibbert
58.7%
2005/16th OverallJoey Graham
52.4%
2005/7th OverallCharlie VIllanueva
49.2%
2004/8th OverallRafael Araujo
44.4%
1999/5th OverallJonathan Bender
34.1%
2001/17th OverallMichael Bradley
24.6%
2002/20th OverallKareem Rush
20.6%
1999/12th OverallAleksander Radojevic
10.3%

You're not logged in!

Compare scores with friends on all Sporcle quizzes.
Sign Up with Email
OR
Log In

You Might Also Like...

Show Comments

Extras

Top Quizzes Today


Score Distribution

Your Account Isn't Verified!

In order to create a playlist on Sporcle, you need to verify the email address you used during registration. Go to your Sporcle Settings to finish the process.

Report this User

Report this user for behavior that violates our Community Guidelines.

Details: